Halte des Fernverkehrs der Schweiz #6 - Statistiken

Allgemein
  • Dieses Quiz wurde 57 mal gespielt
  • Das Durchschnittsergebnis liegt bei 19 aus 35
Antwortstatistiken
Haltestellen % Korrekt
Zürich HB
92%
Zürich HB
92%
Genève
83%
Lausanne
75%
Montreux
67%
Schaffhausen
67%
Vevey
67%
Aarau
64%
Martigny
64%
Neuchâtel
64%
Nyon
64%
Aigle
61%
Bülach
61%
Lenzburg
58%
Morges
58%
Renens VD
58%
Zürich Oerlikon
58%
La Chaux-de-Fonds
56%
Zürich Altstetten
56%
St-Maurice
50%
Annemasse
47%
Gland
47%
Rolle
47%
Bex
44%
Allaman
39%
Coppet
39%
Genève-Eaux-Vives
36%
Villeneuve VD
36%
Chêne-Bourg
33%
Lancy-Pont-Rouge
31%
Chambrelien
28%
Genève-Champel
28%
Lancy-Bachet
28%
Les Hauts-Geneveys
28%
Les Geneveys-sur-Coffrane
25%
Keine übereinstimmenden Quizze gefunden
Verteilung der Resultate
Anzahl Personen mit jedem Resultat
Perzentil nach korrekt beantworteten Fragen
Ihre Resultats-Entwicklung
Sie haben dieses Quiz noch nicht gespielt